Southville International School and Colleges
Your cart is empty.
  • Cart
  • Lists
    Public lists Eva Luna New books Lux_list list_1
    Your lists Log in to create your own lists
  • Log in to your account
  • Your cookies
  • Search history
Southville International School and Colleges
  • Advanced search
  • Recent comments
  • Most popular
  • Libraries

Log in to your account

Log in with GOOGLE


If you do not have an external account, but do have a local account, you can still log in:

  1. Home
  2. MARC view: The last olympian
Normal view MARC view ISBD view

The last olympian (Record no. 286442)

[ view plain ]
MARC details
000 -LEADER
fixed length control field 01076cam a2200253Ia 4500
003 - CONTROL NUMBER IDENTIFIER
control field PILC
005 - DATE AND TIME OF LATEST TRANSACTION
control field 20160114093011.0
008 - FIXED-LENGTH DATA ELEMENTS--GENERAL INFORMATION
fixed length control field 101228s2011 nyub j 000 1 eng d
020 ## - INTERNATIONAL STANDARD BOOK NUMBER
International Standard Book Number 9780545272629
050 00 - LIBRARY OF CONGRESS CALL NUMBER
Classification number PZ 7 .R585la
Item number 2010 V.5
100 1# - MAIN ENTRY--PERSONAL NAME
Personal name Riordan, Rick.
245 14 - TITLE STATEMENT
Title The last olympian
Statement of responsibility, etc Rick Riordan.
260 ## - PUBLICATION, DISTRIBUTION, ETC. (IMPRINT)
Place of publication, distribution, etc New York
Name of publisher, distributor, etc Scholastic Inc.,
Date of publication, distribution, etc c2009
300 ## - PHYSICAL DESCRIPTION
Extent 381 pages :
Other physical details map ;
Dimensions 20 cm.
440 #0 - SERIES STATEMENT/ADDED ENTRY--TITLE
Title Percy Jackson & the Olympians ;
Volume number/sequential designation book 5.
500 ## - GENERAL NOTE
General note Originally published: New York : Hyperion Books for Children, c2009.
520 8# - SUMMARY, ETC.
Summary, etc The long-awaited prophecy surrounding Percy Jackson's sixteenth birthday unfolds as he leads an army of young demigods to stop Kronos in his advance on New York City, while the Olympians struggle to contain the rampaging monster, Typhon.
650 #0 - SUBJECT ADDED ENTRY--TOPICAL TERM
Topical term or geographic name as entry element Mythology, Greek
General subdivision Juvenile fiction.
650 #0 - SUBJECT ADDED ENTRY--TOPICAL TERM
Topical term or geographic name as entry element Fate and fatalism
General subdivision Juvenile fiction.
650 #0 - SUBJECT ADDED ENTRY--TOPICAL TERM
Topical term or geographic name as entry element Monsters
General subdivision Juvenile fiction.
650 #0 - SUBJECT ADDED ENTRY--TOPICAL TERM
Topical term or geographic name as entry element Animals, Mythical
General subdivision Juvenile fiction.
650 #0 - SUBJECT ADDED ENTRY--TOPICAL TERM
Topical term or geographic name as entry element Titans (Mythology)
General subdivision Juvenile fiction.
942 ## - ADDED ENTRY ELEMENTS (KOHA)
Source of classification or shelving scheme Library of Congress Classification
Koha item type Books
Holdings
Withdrawn status Lost status Source of classification or shelving scheme Damaged status Home library Current library Shelving location Date acquired Source of acquisition Total Checkouts Total Renewals Full call number Barcode Date last seen Date checked out Price effective from Koha item type
    Library of Congress Classification   Luxembourg Library Luxembourg Library Fiction Section 06/09/2015 Donation 5 1 PZ 7 .R585la 2010 V.5 20000 05/09/2023 04/19/2023 06/09/2015 Books
    Library of Congress Classification   Luxembourg Library Luxembourg Library Fiction Section 06/09/2015 Donation 2   PZ 7 .R585la 2010 V.5 20001 05/05/2023 04/19/2023 06/09/2015 Books
    Library of Congress Classification   Luxembourg Library Luxembourg Library Fiction Section 06/09/2015 Donation     PZ 7 .R585la 2010 V.5 20002 03/10/2017   06/09/2015 Books
    Library of Congress Classification   Luxembourg Library Luxembourg Library Fiction Section 06/10/2015 Library Fund 4   PZ 7 .R585la 2010 V.5 20024 10/10/2018 09/27/2018 06/10/2015 Books

The last olympian

APA

Riordan R., . (2009). The last olympian. New York: Scholastic Inc.

Chicago

Riordan Rick, . 2009. The last olympian. New York: Scholastic Inc.

Harvard

Riordan R., . (2009). The last olympian. New York: Scholastic Inc.

MLA

Riordan Rick, . The last olympian. New York: Scholastic Inc. 2009.

  • Place hold
  • Print
  • Cite
  • Add to your cart (remove)
  • Save record
    BIBTEX Dublin Core MARCXML MARC (non-Unicode/MARC-8) MARC (Unicode/UTF-8) MARC (Unicode/UTF-8, Standard) MODS (XML) RIS
  • More searches
    Search for this title in:
    Other Libraries (WorldCat) Other Databases (Google Scholar) Online Stores (Bookfinder.com) Open Library (openlibrary.org)

Exporting to Dublin Core...

SOUTHVILLE LIBRARY

Southville International School and Colleges Library

1281 Tropical Ave. Cor. Luxembourg St., BF Homes International, Las Pinas City

Tel. No. 8256374 / 252358 Loc. 117/146

Powered by Koha